Petroleum politics and the Texas Railroad Commission /

Bibliographic Details
Main Author: Prindle, David F. (David Forrest), 1948-
Format: Book
Language:English
Published: Austin : University of Texas Press, 1981.
Edition:1st ed.
Series:Elma Dill Russell Spencer Foundation series ; no. 12.
Subjects:

MARC

Tag First Indicator Second Indicator Subfields
LEADER 00000pam a2200000 a 4500
001 in00000071914
005 20190207093457.0
008 810511s1981 txu b s00110 eng
010 |a  81007535  
020 |a 029276474X 
035 |a (OCoLC)07554860 
035 |9 AAK0267AM 
039 0 |a 2  |b 3  |c 3  |d 3  |e 3 
040 |a DLC  |c DLC  |d TXA  |d UtOrBLW 
043 |a n-us-tx 
049 |a TXAS  |c 2 [A08295949]  |a TXAM  |c 1 [800654] 
050 0 0 |a HD9567.T3  |b P74 
082 0 |a 353.97640087/5/06  |2 19 
100 1 |a Prindle, David F.  |q (David Forrest),  |d 1948- 
245 1 0 |a Petroleum politics and the Texas Railroad Commission /  |c by David F. Prindle. 
250 |a 1st ed. 
264 1 |a Austin :  |b University of Texas Press,  |c 1981. 
300 |a ix, 230 pages ;  |c 24 cm. 
336 |a text  |b txt  |2 rdacontent 
337 |a unmediated  |b n  |2 rdamedia 
338 |a volume  |b nc  |2 rdacarrier 
490 1 |a The Elma Dill Russell Spencer Foundation series ;  |v no. 12 
500 |a The Cushing Library/Chapman Texas Collection copy is part of the Floyd & Louise Chapman Texas & Borderlands Collection.  |5 TXA 
504 |a Includes bibliographical references and index. 
610 2 0 |a Railroad Commission of Texas. 
650 0 |a Petroleum industry and trade  |z Texas. 
650 0 |a Energy development  |z Texas. 
650 0 |a Petroleum law and legislation  |z Texas. 
650 0 |a Energy development  |x Law and legislation  |z Texas. 
830 0 |a Elma Dill Russell Spencer Foundation series ;  |v no. 12. 
999 |a MARS 
999 f f |s 0cfb4fa5-7701-3adc-bd67-eb320607887a  |i a2e57c2e-cf1d-3779-85c8-2f18a9057be9  |t 0 
952 f f |p noncirc  |a Texas A&M University  |b College Station  |c Cushing Memorial Library & Archives  |s cush txas  |d Cushing: Chapman Texas Collection (Does not check out)  |t 0  |e HD9567.T3 P74  |h Library of Congress classification  |i unmediated -- volume 
952 f f |p normal  |a Texas A&M University  |b College Station  |c Sterling C. Evans Library  |s Evans stk  |d Evans: Library Stacks  |t 0  |e HD9567.T3 P74  |h Library of Congress classification  |i unmediated -- volume  |m A14817114859 
998 f f |a HD9567.T3 P74  |t 0  |l Evans: Library Stacks 
998 f f |a HD9567.T3 P74  |t 0  |l Cushing: Chapman Texas Collection (Does not check out)